000
00258 a2200109 4500
245
_a
A century of south african short stories
_h
Text
020
_a
0949937568
100
_a
Jean Marquard
650
_a
literature
005
20191021095756.0
260
_b
AD. Donker
_c
1978
084
_a
NONE
999
_c
12661
_d
12661